000 00418nam a2200157Ia 4500
008 210716s2005 xx 000 0 und d
020 _a9788173668463
041 _aeng
082 _a005.43 ROBA
100 _aRobbins, Arnold;Beebe, Nelson H F.
245 _aClassic shell scripting.
250 _a1
260 _aMumbai
_bShroff Publishers and Distributors Pvt Ltd
_c2005
300 _axxii,534
650 _aUnix
999 _c187237
_d187237